Statistics for Geographic Things Starting with a Spanish Article

Click here to take the quiz!

General Stats

  • This quiz has been taken 46 times
  • The average score is 10 of 21

Answer Stats

Hint Answer % Correct
L.A.Los Angeles
97%
One capital of BoliviaLa Paz
92%
Independent country in Central AmericaEl Salvador
86%
Complex weather pattern resulting from variations in temperatures in the PacificEl Niño
83%
Sin CityLas Vegas
78%
CA county or mythical city of goldEl Dorado
69%
Opposite of the aboveLa Niña
64%
Buenos Aires suburb near the Río de .. .....La Plata
61%
Borders Ciudad JuárezEl Paso
61%
Capital of Gran CanariaLas Palmas
56%
NM city known as the "City of Crosses"Las Cruces
50%
Most north-westerly island of the Canary IslandsLa Palma
44%
Autonomous community in SpainLa Rioja
28%
Home of a laboratory for designing nuclear weapons (in NM)Los Alamos
25%
Second-largest city in BoliviaEl Alto
22%
One of the Canary IslandsLa Gomera
19%
Another Canary IslandEl Hierro
19%
City in San Diego county, means "the box"El Cajon
19%
Panamanian province or fictional city in GTA VLos Santos
11%
Vast tropical grasslands plain in Venezuela and ColombiaLos Llanos
11%
The end of the Santa Fe TrailEl Monte
3%

Score Distribution

Percentile by Number Answered

Percent of People with Each Score

Your Score History

You have not taken this quiz